|
|
|
|
| LEADER |
00000nam0a2200000 4500 |
| 001 |
379454 |
| 005 |
20240201123847.0 |
| 010 |
|
|
|a 978-5-02-040898-2
|
| 035 |
|
|
|a (RuTPU)RU\TPU\retro\36921
|
| 090 |
|
|
|a 379454
|
| 100 |
|
|
|a 20231004d2022 k||y0rusy50 ca
|
| 101 |
0 |
|
|a rus
|
| 102 |
|
|
|a RU
|
| 105 |
|
|
|a a z 001yy
|
| 181 |
|
0 |
|a i
|b e
|
| 182 |
|
0 |
|a n
|
| 183 |
|
0 |
|a nc
|2 RDAcarrier
|
| 200 |
1 |
|
|a Помология Урала: сорта плодовых, ягодных культур и винограда
|d Pomology of the Urals. Sorts of Fruit, Berry Crops and Grapes
|f С. А. Макаренко, Е. З. Савин, В. С. Ильин [и д.р.]
|g под общей ред. С. А. Макаренко ; Уральский федеральный аграрный научно-исследовательский центр УрО РАН
|
| 203 |
|
|
|a Текст
|b визуальный
|c непосредственный
|
| 210 |
|
|
|a Москва
|c Наука
|d 2022
|
| 215 |
|
|
|a 506 с.
|c ил.
|
| 283 |
|
|
|a volume
|2 RDAcarrier
|
| 320 |
|
|
|a Литература: с. 482-489
|
| 330 |
|
|
|a В Помологии обобщены и представлены результаты селекции плодовых, ягодных культур, винограда и клоновых подвоев яблони на Урале с момента зарождения научного садоводства до наших дней. Приведено помологическое описание 422 сортов 19 культур, из которых 225 сортов включены в Государственный реестр селекционных достижений и допущены к использованию в Уральском и других регионах Российской Федерации. Книга содержит полные морфологические описания сортов, биологические характеристики сортообразцов, их фотографии и рисунки. Указаны авторы сортов, год передачи на Государственное сортоиспытание, год включения в Государственный реестр и допуск к использованию по различным регионам Российской Федерации. Определена селекционная значимость. Для селекционеров, сортоведов, специалистов сельского хозяйства, сотрудников участков сортоизучения плодовых культур, преподавателей и студентов профильных образовательных организаций, садоводов-любителей.
|
| 510 |
1 |
|
|a Pomology of the Urals. Sorts of Fruit, Berry Crops and Grapes
|z eng
|
| 606 |
1 |
|
|a Садоводство
|x Сельское хозяйство
|9 71739
|
| 610 |
1 |
|
|a агрономия
|
| 610 |
1 |
|
|a селекция растений
|
| 610 |
1 |
|
|a научное садоводство
|
| 610 |
1 |
|
|a сельское хозяйство
|
| 610 |
1 |
|
|a плодовые культуры
|
| 610 |
1 |
|
|a картофелеводство
|
| 610 |
1 |
|
|a семечковые культуры
|
| 610 |
1 |
|
|a косточковые культуры
|
| 675 |
|
|
|a 633/635
|v 4
|z rus
|
| 701 |
|
1 |
|4 070
|a Макаренко
|b С. А.
|
| 701 |
|
1 |
|4 070
|a Савин
|b Е. З.
|
| 701 |
|
1 |
|4 070
|a Ильин
|b В. С.
|
| 701 |
|
1 |
|4 070
|a Котов
|b Л. А.
|
| 701 |
|
1 |
|4 070
|a Слепнева
|b Е. М.
|
| 702 |
|
1 |
|4 340
|a Макаренко
|b С. А.
|
| 712 |
0 |
2 |
|7 ca
|8 rus
|a Российская академия наук
|b Уральское отделение
|b Уральский федеральный аграрный научно-исследовательский центр
|c (г. Екатеринбург, пос. Исток)
|4 070
|9 88435
|
| 801 |
|
1 |
|a RU
|b 63413507
|c 20231004
|
| 942 |
|
|
|c BK
|